UM Logo

Educational technology 1: (Record no. 1025)

MARC details
000 -LEADER
fixed length control field 00657nam a22001697a 4500
008 - FIXED-LENGTH DATA ELEMENTS--GENERAL INFORMATION
fixed length control field 160209b xxu||||| |||| 00| 0 eng d
020 ## - INTERNATIONAL STANDARD BOOK NUMBER
International Standard Book Number 9789715742108
082 ## - DEWEY DECIMAL CLASSIFICATION NUMBER
Edition number 2013
Classification number DFil 371.33
Item number G22e
100 ## - MAIN ENTRY--PERSONAL NAME
9 (RLIN) 2729
Personal name Gatmaitan-Borjal, Wilhelmina
245 ## - TITLE STATEMENT
Title Educational technology 1:
Remainder of title An introduction to the principles, theories and techno-pedagogical skills in education/
Statement of responsibility, etc. Wilhelmina Gatmaitan-Borjal
260 ## - PUBLICATION, DISTRIBUTION, ETC. (IMPRINT)
Place of publication, distribution, etc. Makati City:
Name of publisher, distributor, etc. Katha Publishing Co.,Inc.,
Date of publication, distribution, etc. c2013.
300 ## - PHYSICAL DESCRIPTION
Extent 145 pages:
Other physical details illustration;
Dimensions 25.5 cm.
500 ## - GENERAL NOTE
General note Includes bibliographical references.
650 #0 - SUBJECT ADDED ENTRY--TOPICAL TERM
9 (RLIN) 2730
Topical term or geographic name as entry element Educational technology.
365 ## - TRADE PRICE
Price amount 240.00
Currency code Php
942 ## - ADDED ENTRY ELEMENTS (KOHA)
Source of classification or shelving scheme Dewey Decimal Classification
Koha item type Filipiniana
Holdings
Withdrawn status Lost status Source of classification or shelving scheme Damaged status Not for loan Collection code Home library Current library Shelving location Date acquired Source of acquisition Total Checkouts Full call number Barcode Date last seen Date last checked out Copy number Price effective from Koha item type
    Dewey Decimal Classification     Filipiniana UM Digos College - LIC UM Digos College - LIC Book Cart 08/28/2015 Purchased 40 DFil 371.33 G22e 2013 23337 05/15/2025 05/09/2024 1 02/09/2016 Filipiniana